00702nam a2200229 a 450000100060000000300080000600500170001400800410003102000220007203500190009404000270011304100080014008200240014810000370017224500590020925000120026826000780028030000340035850000190039265000290041170000320044054435BD-RjUL20211209080123.0161106s2004 nyua b 001 0 eng  a0340814063 (pbk.) a(BD-RjUL)54557 aDLCcDLCdBD-RjULbeng aeng00a519.5223bCLB 20041 aClarke, G. M.q(Geoffrey Mallin)12aA basic course in statistics /cG.M. Clarke, D. Cooke. a5th ed. aNew York :bDistributed in the U.S.A. by Oxford University Press,cc2004. axxv, 734 p. :bill. ;c25 cm. aIncludes Index 0aMathematical statistics.1 aCooke, D.q(Dennis),d1929-